Fiberboard manufacturing practices in the United States (Record no. 43231)
[ view plain ]
| 000 -LEADER | |
|---|---|
| fixed length control field | 00772nam a2200193 a 4500 |
| 008 - FIXED-LENGTH DATA ELEMENTS--GENERAL INFORMATION | |
| fixed length control field | 100930s1990 xx |||||||||||||| || u |
| 020 ## - INTERNATIONAL STANDARD BOOK NUMBER | |
| International Standard Book Number | 0935018506 |
| 050 ## - LIBRARY OF CONGRESS CALL NUMBER | |
| Classification number | TS 875 Suc |
| 100 ## - MAIN ENTRY--PERSONAL NAME | |
| Personal name | Woodson, George E |
| 245 10 - TITLE STATEMENT | |
| Title | Fiberboard manufacturing practices in the United States |
| Statement of responsibility, etc. | by Otto Suchsland and George E. Woodson |
| 260 ## - PUBLICATION, DISTRIBUTION, ETC. | |
| Place of publication, distribution, etc. | |
| Name of publisher, distributor, etc. | Forest Products Research Society |
| Date of publication, distribution, etc. | 1990 |
| 300 ## - PHYSICAL DESCRIPTION | |
| Extent | iv, 263p.: ill. |
| 350 ## - PRICE (NR) (BK AM CF MU VM SE) [OBSOLETE] | |
| Price | 0.00 |
| 650 ## - SUBJECT ADDED ENTRY--TOPICAL TERM | |
| Topical term or geographic name entry element | FIBERBOARD INDUSTRY--UNITED STATES |
| 650 ## - SUBJECT ADDED ENTRY--TOPICAL TERM | |
| Topical term or geographic name entry element | FIBERBOARD--MANUFACTURES--UNITED STATES |
| 650 ## - SUBJECT ADDED ENTRY--TOPICAL TERM | |
| Topical term or geographic name entry element | MANUFACTURING |
| 700 ## - ADDED ENTRY--PERSONAL NAME | |
| Personal name | Suchsland, Otto |
| 995 ## - RECOMMENDATION 995 [LOCAL, UNIMARC FRANCE] | |
| -- | 0.00 |
| -- | CBU-MAIN LIBRARY (Kitwe) |
| -- | 1 |
| -- | 0.00 |
| -- | 1 |
| -- | LOST |
| -- | Mar 11, 2013 |
| -- | Oct 11, 2010 |
| -- | Main Library Open Access Collection |
| Withdrawn status | Lost status | Source of classification or shelving scheme | Damaged status | Not for loan | Home library | Current library | Shelving location | Date acquired | Total Checkouts | Full call number | Barcode | Date last seen | Price effective from | Koha item type |
|---|---|---|---|---|---|---|---|---|---|---|---|---|---|---|
| CBU-MAIN LIBRARY, KITWE. | CBU-MAIN LIBRARY, KITWE. | 11/30/2022 | TS 875 Suc | 741754 | 11/30/2022 | 11/30/2022 | MONOGRAPH |